000 00547nam a2200205Ia 4500
005 20240913130031.0
008 240913s9999||||xx |||||||||||||| ||und||
020 _a0-12-643451-4
041 _aENGLISH
082 _A617.8075 N1
100 _aSilma,Shlomo
245 0 _aAuditory Diagnosis : Principles and Applications
250 _a1st
260 _c1991
_bAcademic
500 _aREFERENCE
650 _aAudiology Speech and Language Pathology
_bAllied Health Science
700 _a Silverman,Carol A
942 _cREF
999 _c246819
_d246819